=LDR 00000nam 2200000 4500 =001 INLIS000000000003297 =005 20250303100042 =035 ##$$a 0010-0325000013 =007 ta =008 250303###########################0#ind## =020 ##$$a 2503-362X =082 ##$$a 304.66 =084 ##$$a 304.66 BAD k =245 1#$$a Kajian Kebijakan : $b Kontribusi BKKBN Untuk Keluarga dan Anak - Anak Putus Sekolah /$c Badan Kependudukan dan Keluarga Berencana Nasional (Penulis) =250 ##$$a Cetakan Pertama =260 ##$$a Jakarta :$b Badan Kependudukan dan Keluarga Berencana Nasional,$c 2016 =300 ##$$a 3 hlm : $b ilus ; $c 23 cm$e - =650 #4$$a Keluarga Berencana =110 #$$a Badan Kependudukan dan Keluarga Berencana Nasional =520 ##$$a Berdasarkan hasil proyeksi penduduk pada tahun 2015- 2035 Indonesia akan memperoleh Bonus Demografi. Hal ini dikarenakan adanya perubahan struktur umur penduduk. Perubahan ini akan sangat menguntungkan disisi pembangunan karena jumlah penduduk usia produktif yang besar sedangkan proporsi usia muda semakin kecil dan proporsi usia lanjut belum banyak. Struktur umur penduduk akan didominasi oleh penduduk kelompok umur 10 – 19 tahun. =856 ##$$a Perpustakaan BKKBN Pusat